Geography Quiz

Random Geography or State Quiz

'G' States Blitz Quiz Stats

 Plays Quiz Updated Mar 1, 2016

Also try: 'U' States Blitz
Challenge
Share
Tweet
Embed
Score 0/7 Timer 01:00
8 Plays Today
% Correct
Georgia
96.3%
Oregon
71.7%
Washington
71.4%
Virginia
67.9%
Michigan
64.9%
West Virginia
63.2%
Wyoming
58.9%

You're not logged in!

Compare scores with friends on all Sporcle quizzes.
Join for Free
OR
Log In

You Might Also Like...

Show Comments

Extras

Top Quizzes Today


Score Distribution

Your Account Isn't Verified!

In order to create a playlist on Sporcle, you need to verify the email address you used during registration. Go to your Sporcle Settings to finish the process.

Report this User

Report this user for behavior that violates our Community Guidelines.

Details: